Mountain Monsters Cast and Creatures - Statistics

General Stats
  • This quiz has been taken 137 times
  • The average score is 29 of 46
Answer Stats
Hint Answer % Correct
Expert Caller Buck
100%
Security Huckleberry
100%
Researcher Jeff
100%
Team Leader Trapper
100%
Trap Builder Willy
100%
Expert Tracker Wild Bill
96%
Perry County Grassman
93%
Wolfe County Wolfman
82%
Mason County Mothman
79%
Nicholas/Clay County Yahoo
77%
Ashe County Cherokee Devil
75%
Logan County Devil Dog
74%
Hocking Hills Hogzilla
70%
Cherokee County Death Cat
68%
Pocohontas County Fire Dragon
67%
Taylor County/Tygart Valley Grafton Monster
67%
Wood County Lizard Demon
67%
Greenbrier County Cave Creature
65%
Pike/Lincoln County Hellhound
65%
Lee County Raven Mocker
65%
Pleasants County Wampus Beast
65%
Preston County Snallygaster
63%
Pendelton County Fire Ape
61%
Braxton County Shadow Creature
61%
Webster County Werewolf
61%
Raleigh County Bear Beast
56%
Eastern Kentucky Wildman
56%
Dark Forest Woman of the Woods
56%
Wirt County Ash Man
54%
Blair County Thunder Brothers
54%
Central Kentucky Bigfoot
53%
Boone County Sheepsquatch
53%
Tygart Valley Smoke Wolves
53%
Jackson County Waya Woman
53%
Dark Forest Black Wolf
51%
Boone County Silver Giant
51%
Washington County Dustman
49%
Harrison County Bloodless Howler
47%
Blair County Lightning Man
46%
Tygart Valley Wolves
46%
Cherokee County Coyote King
42%
Harrison County Stonish Giant
42%
Putnam County Chupacabra
40%
Central Kentucky Squalling Savage
37%
Wood County Phantom of the Forest
35%
Blount County Spearfinger
35%
No matching quizzes found
Score Distribution
Percent of People with Each Score
Percentile by Number Answered
Your Score History
You have not taken this quiz